<?xml version="1.0" encoding="UTF-8"?>
<record
    xmlns:xsi="http://www.w3.org/2001/XMLSchema-instance"
    xsi:schemaLocation="http://www.loc.gov/MARC21/slim http://www.loc.gov/standards/marcxml/schema/MARC21slim.xsd"
    xmlns="http://www.loc.gov/MARC21/slim">

  <leader>03727cam a22004095a 4500</leader>
  <datafield tag="999" ind1=" " ind2=" ">
    <subfield code="c">27382</subfield>
    <subfield code="d">27353</subfield>
  </datafield>
  <controlfield tag="001">018364149</controlfield>
  <controlfield tag="003">EG-ScBUE</controlfield>
  <controlfield tag="005">20190415142639.0</controlfield>
  <controlfield tag="008">170515s2017    enk    frb    000 0 eng d</controlfield>
  <datafield tag="015" ind1=" " ind2=" ">
    <subfield code="a">GBB7D4296</subfield>
    <subfield code="2">bnb</subfield>
  </datafield>
  <datafield tag="020" ind1=" " ind2=" ">
    <subfield code="a">144388278X</subfield>
  </datafield>
  <datafield tag="020" ind1=" " ind2=" ">
    <subfield code="z">9781443882781</subfield>
  </datafield>
  <datafield tag="040" ind1=" " ind2=" ">
    <subfield code="a">N$T</subfield>
    <subfield code="b">eng</subfield>
    <subfield code="c">N$T</subfield>
    <subfield code="d">EBLCP</subfield>
    <subfield code="d">YDX</subfield>
    <subfield code="d">IDEBK</subfield>
    <subfield code="d">N$T</subfield>
    <subfield code="d">Uk</subfield>
    <subfield code="d">EG-ScBUE</subfield>
  </datafield>
  <datafield tag="050" ind1=" " ind2="4">
    <subfield code="a">PJ6351</subfield>
  </datafield>
  <datafield tag="082" ind1="0" ind2="4">
    <subfield code="a">492.7562</subfield>
    <subfield code="2">22</subfield>
  </datafield>
  <datafield tag="100" ind1="1" ind2=" ">
    <subfield code="a">Gadalla, Hassan A. H.,</subfield>
    <subfield code="e">author.</subfield>
  </datafield>
  <datafield tag="245" ind1="1" ind2="0">
    <subfield code="a">Translating tenses in Arabic-English and English-Arabic contexts /</subfield>
    <subfield code="c">by Hassan Abdel-Shafik Hassan Gadalla.</subfield>
  </datafield>
  <datafield tag="300" ind1=" " ind2=" ">
    <subfield code="a">1 online resource.</subfield>
  </datafield>
  <datafield tag="504" ind1=" " ind2=" ">
    <subfield code="a">Includes bibliographical references.</subfield>
  </datafield>
  <datafield tag="505" ind1="0" ind2=" ">
    <subfield code="a">Table of Contents; List of Tables; Foreword; Preface; Acknowledgements; List of Symbols and Abbreviations; Chapter One; 1.1. Varieties of Arabic; 1.2. Translation as a Text-Oriented Process; 1.3. Purpose &amp; Procedures of the Research; 1.4. Vowels of Standard Arabic; 1.5. Consonants of Standard Arabic; Chapter Two; 2.0. Introduction; 2.1. Tense/Aspect Distinctions in Arabic; 2.2. Tense/Aspect Distinctions in English; 2.3. Importance of Tense/Aspect Distinctions in Translation; 2.4. Conclusion; Chapter Three; 3.0. Introduction; 3.1. Translation of the Bare Perfect Form</subfield>
  </datafield>
  <datafield tag="505" ind1="8" ind2=" ">
    <subfield code="a">3.2. Translation of /qad/ + Perfect3.3. Translation of /kaana/ + /qad/ + Perfect; 3.4. Translation of /(sa-)ya-kuun/ + /qad/ + Perfect; 3.5. Conclusion; Chapter Four; 4.0. Introduction; 4.1. Translation of the Bare Imperfect Form; 4.2. Translation of /sa- or sawfa/ + Imperfect; 4.3. Translation of Subjunctive Particle + Imperfect; 4.4. Translation of /lam/ + Imperfect; 4.5. Translation of /kaana/ + Imperfect; 4.6. Translation of Other Imperfect Constructions; 4.7. Conclusion; Chapter Five; 5.0. Introduction; 5.1. Syntactic Classes of the Arabic Active Participle</subfield>
  </datafield>
  <datafield tag="505" ind1="8" ind2=" ">
    <subfield code="a">5.2. Translating Arabic AP into English Nominals5.3. Translating Arabic AP into English Adjectivals; 5.4. Translating Arabic AP into English Verbals; 5.5. Translating Arabic AP into English Adverbials; 5.6. Conclusion; Chapter Six; 6.0. Introduction; 6.1. Syntactic classes of the Arabic Passive Participle; 6.2. Translating Arabic PP into English Adjectivals; 6.3. Translating Arabic PP into English Nominals; 6.4. Translating Arabic PP into English Verbals; 6.5. Translating Arabic PP into English Adverbials; 6.6. Conclusion; Chapter Seven ; 7.0. Introduction</subfield>
  </datafield>
  <datafield tag="505" ind1="8" ind2=" ">
    <subfield code="a">7.1. Translating English Present Simple into Arabic7.2. Translating English Past Simple into Arabic; 7.3. Translating English Future Simple into Arabic; 7.4. Translating English Present Progressive into Arabic; 7.5. Translating English Past Progressive into Arabic; 7.6. Translating English Future Progressive into Arabic; Chapter Eight; 8.0. Introduction; 8.1. Translating English Present Perfect into Arabic; 8.2. Translating English Past Perfect into Arabic; 8.3. Translating English Future Perfect into Arabic; 8.4. Translating English Present Perfect Progressive into Arabic</subfield>
  </datafield>
  <datafield tag="505" ind1="8" ind2=" ">
    <subfield code="a">8.5. Translating English Past Perfect Progressive into Arabic8.6. Translating English Future Perfect Progressive into Arabic; 8.7. Translating English Conditional Tenses into Arabic; 8.8. Conclusion; Notes; Bibliography</subfield>
  </datafield>
  <datafield tag="650" ind1=" " ind2="7">
    <subfield code="a">Translation &amp; interpretation.</subfield>
    <subfield code="2">bicssc</subfield>
  </datafield>
  <datafield tag="650" ind1=" " ind2="0">
    <subfield code="a">Arabic language</subfield>
    <subfield code="x">Tense.</subfield>
    <subfield code="2">BUEsh</subfield>
  </datafield>
  <datafield tag="650" ind1=" " ind2="7">
    <subfield code="a">FOREIGN LANGUAGE STUDY / Arabic</subfield>
    <subfield code="2">bisacsh</subfield>
  </datafield>
  <datafield tag="650" ind1=" " ind2="7">
    <subfield code="a">Grammar, syntax &amp; morphology.</subfield>
    <subfield code="2">bicssc</subfield>
  </datafield>
  <datafield tag="650" ind1=" " ind2="7">
    <subfield code="a">Historical &amp; comparative linguistics.</subfield>
    <subfield code="2">bicssc</subfield>
  </datafield>
  <datafield tag="651" ind1=" " ind2=" ">
    <subfield code="2">BUEsh</subfield>
  </datafield>
  <datafield tag="655" ind1=" " ind2="4">
    <subfield code="a">Electronic books.</subfield>
  </datafield>
  <datafield tag="655" ind1=" " ind2="0">
    <subfield code="a">Electronic books.</subfield>
  </datafield>
  <datafield tag="903" ind1=" " ind2=" ">
    <subfield code="a">ELD.DS.140790</subfield>
  </datafield>
  <datafield tag="942" ind1=" " ind2=" ">
    <subfield code="2">ddc</subfield>
  </datafield>
</record>
